000 00727nam a2200229 i 4500
001 133591
003 ES-MaACL
005 20230906194449.0
007 t|
008 070821s1976 sp |||| | spa d
080 _a615.851.1
100 1 _aWolpe, Joseph.
_9117291
245 1 0 _aPsicoterapia por inhibición recíproca /
_cJoseph Wolpe ; [versión española... Fausto Ezcurra Rolín].
260 _aBilbao :
_bDescleé de Brouwer,
_c[1976]
300 _a275 p. ;
_c21 cm.
490 1 _aBiblioteca de psicología ;
_v2
650 1 4 _aTerapia de conducta.
_9154989
700 1 _aEzcurra Rolín, Fausto.
_948465
830 1 _aBiblioteca de psicología ;
_v2
_9180745
852 4 _aES-MaACL
_jE-9968
999 _c133591
_d133591